000
00224nam a2200097Ia 4500
008
170619s9999 xx 000 0 und d
100
_a
Li Jei Jack
245
0
_a
Name Reactions
260
_b
Springer Link : New york
260
_c
2007
546
_a
ENGLISH
999
_c
18334
_d
18334